000
00227nam a2200097Ia 4500
008
120527s9999 xx 000 0 und d
100
_a
ZOHAR,Joseph.
245
_a
Treating resistant depression.
260
_b
P.M.A.
942
_c
BK
999
_c
23966
_d
23966